Values and ethics/ (Record no. 194819)

MARC details
000 -LEADER
fixed length control field 00705nam a22002057a 4500
005 - DATE AND TIME OF LATEST TRANSACTION
control field 20230120154621.0
010 ## - LCCN (DPL NO)
LC control number ENG-136031
020 ## - INTERNATIONAL STANDARD BOOK NUMBER
International Standard Book Number 9789380097053
Terms of availability 180.00
035 ## - SYSTEM CONTROL NUMBER
System control number EN-119563
037 ## - SOURCE OF ACQUISITION
Source of stock number/acquisition DBAD/PUB
082 ## - DEWEY DECIMAL CLASSIFICATION NUMBER
Classification number 158.1
100 ## - MAIN ENTRY--PERSONAL NAME
Personal name Kulshrestha, Nikhil
245 ## - TITLE STATEMENT
Title Values and ethics/
Statement of responsibility, etc Nikhil Kulshrestha, Sandeep Sharma [and] Shweta Dutt Sharma
260 ## - PUBLICATION, DISTRIBUTION, ETC. (IMPRINT)
Place of publication, distribution, etc Darya Ganj
Name of publisher, distributor, etc Vayu education of india
Date of publication, distribution, etc 2009
270 ## - ADDRESS
Address 2/25, Ansari road, Darya ganj
City New Delhi
Postal code 110002
Telephone number 011-65235268
Electronic mail address vei@veiindia.com
300 ## - PHYSICAL DESCRIPTION
Extent 196p.
Dimensions 24cm(pbk)
Other physical details Glossary and Index
700 ## - ADDED ENTRY--PERSONAL NAME
Personal name Sharma, Sandeep
Relator term Author
700 ## - ADDED ENTRY--PERSONAL NAME
Personal name Sharma, Shweta Dutt
Relator term Author
942 ## - ADDED ENTRY ELEMENTS (KOHA)
Source of classification or shelving scheme Dewey Decimal Classification
Item type English Books
Classification part 158.1
Call number suffix KUL
Holdings
Withdrawn status Lost status Not for loan Collection code Home library Current library Date acquired Source of acquisition Cost, normal purchase price Full call number Barcode Copy number Cost, replacement price Koha item type
      Non-fiction Peshwa Road Peshwa Road 20/01/2023 DBAD/PUB 180.00 158.1 KUL EN-119563 1 180.00 English Books

© Delhi Public Library
Hit Counter
free hit counter